Brawler czy nie - Statystyki

Ogólne statystyki
  • Ten quiz został rozwiązany 156 razy
  • Średni wynik to 11 z 12
Answers on the Grid
Answers color-coded by a green-red scale on the quiz's grid according to % correct below.
Broski
Surge
Kenji
Meg
Selly
Shelly
Shade
Chester
Sordeliu
Cordelius
El primo
Buzz
Aska
Amber
Spike
Leork
Leon
 
Statystyki odpowiedzi
Odpowiedź % Poprawnych
Surge
95%
Meg
90%
El primo
89%
Kenji
89%
Chester
88%
Leon
88%
Spike
88%
Buzz
87%
Shelly
87%
Cordelius
86%
Amber
85%
Shade
79%
Nie znaleziono quizów pasujących do podanych kryteriów
Rozkład punktacji
Procent ludzi z każdym wynikiem
Percentyl według liczby udzielonych odpowiedzi
Twoja historia wyników
Nie rozwiązałeś tego quizu